Društveni proizvod i narodni dohodak 1980

Salvato in:
Dettagli Bibliografici
Natura: Libro
Lingua:serbo
Pubblicazione: Beograd Savezni zavod za statistiku 1980
Tags: Aggiungi Tag
Nessun Tag, puoi essere il primo ad aggiungerne!!

MARC

LEADER 00000nam a2200000 4500
001 c129217
005 20250701083321.8
041 0 |a srp 
044 |a YU 
245 1 0 |a Društveni proizvod i narodni dohodak 1980 
264 1 |a Beograd  |b Savezni zavod za statistiku  |c 1980 
300 |a 74 s.